Statistics for Earliest established cities in the USA

Click here to take the quiz!

General Stats

  • This quiz has been taken 38 times
    (11 since last reset)
  • The average score is 12 of 50

Answer Stats

Date State Answer % Correct
1630MABoston
90%
1625NYNew York City
70%
1565FLSt. Augustine
60%
1681PAPhiladelphia
60%
1636RIProvidence
60%
1626MASalem
60%
1607VAJamestown
50%
1638DEWilmington
50%
1614NYAlbany
50%
1670SCCharleston
40%
1584VA/NCRoanoke
40%
1682VANorfolk
40%
1610NMSanta Fe
40%
1620MAPlymouth
40%
1637CTHartford
30%
1623NHDover
30%
1666NJNewark
30%
1617NJJersey City
30%
1636MASpringfield
30%
1638CTNew Haven
20%
1659TXEl Paso
20%
1649MDAnnapolis
20%
1639RINewport
20%
1638MACambridge
20%
1639CTBridgeport
20%
1634MDSt. Mary's City
20%
1635MAConcord
20%
1632VAWilliamsburg
20%
1634WIGreen Bay
20%
1646CTNew London
10%
1610VAKecoughton
10%
1674CTWaterbury
10%
1673MAWorcester
10%
1651CTNorwalk
10%
1613VAHopewell
10%
1615NMTaos
10%
1642MALexington
10%
1639CTMilford
10%
1639MABarnstable
10%
1639FLSt. Marks
10%
1623MAGloucester
10%
1642RIWarwick
0%
1639CTGuilford
0%
1660NYRye
0%
1625MAQuincy
0%
1668MISault Ste. Mary
0%
1631MEBiddeford
0%
1677NJCrosswicks
0%
1680NJSouth Orange
0%
1635CTOld Saybrook
0%

Score Distribution

Percentile by Number Answered

Percent of People with Each Score

Your Score History

You have not taken this quiz since the last reset